| 000 | 00424nam a2200145 i 4500 | ||
|---|---|---|---|
| 001 | bg | ||
| 100 | 1 | _aBOJARSKA, Barbara | |
| 245 | 0 |
_aPiaśnica - miejsce martyrologii i pamięci : _bz badań nad zbrodniami hitlerowskimi na Pomorzu / _cBarbara Bojarska. |
|
| 260 |
_aWrocław, _c1978. |
||
| 040 | _cBPK | ||
| 041 | _apol | ||
| 080 | _a943.8.082:327(430):726(438) | ||
| 942 | _cKS | ||
| 008 | s pl f |000 0 pol | ||
| 999 |
_c9727 _d9727 |
||
| 856 |
_uhttp://koha.tu.koszalin.pl/cgi-bin/koha/opac-detail.pl?biblionumber=9727 _yKatalog online BPK |
||